Renaissance of sciences in Islamic countries (Record no. 4592)
[ view plain ]
| 000 -LEADER | |
|---|---|
| fixed length control field | 00576nam a2200205Ia 4500 |
| 001 - CONTROL NUMBER | |
| control field | 4425 |
| 008 - FIXED-LENGTH DATA ELEMENTS--GENERAL INFORMATION | |
| fixed length control field | 140318s9999 xx 000 0 und d |
| 020 ## - INTERNATIONAL STANDARD BOOK NUMBER | |
| International Standard Book Number | 9971-713-7 |
| 040 ## - CATALOGING SOURCE | |
| Transcribing agency | PK-LaUMT |
| 082 ## - DEWEY DECIMAL CLASSIFICATION NUMBER | |
| Classification number | 509.17671 |
| Item number | MUH-R |
| 100 ## - MAIN ENTRY--PERSONAL NAME | |
| Personal name | H. R. Dalafi |
| 245 ## - TITLE STATEMENT | |
| Title | Renaissance of sciences in Islamic countries |
| Statement of responsibility, etc | H. R. Dalafi<>M. H. A. Hassan<>Muhammad Abdus Salam |
| 260 ## - PUBLICATION, DISTRIBUTION, ETC. (IMPRINT) | |
| Place of publication, distribution, etc | Singapore: |
| Name of publisher, distributor, etc | World Scientific, |
| Date of publication, distribution, etc | 1994 |
| 300 ## - PHYSICAL DESCRIPTION | |
| Extent | 351 p. |
| 546 ## - LANGUAGE NOTE | |
| Language note | EN |
| 650 ## - SUBJECT ADDED ENTRY--TOPICAL TERM | |
| Topical term or geographic name as entry element | Science-Islamic countires |
| 700 ## - ADDED ENTRY--PERSONAL NAME | |
| Personal name | M. H. A. Hassan |
| 700 ## - ADDED ENTRY--PERSONAL NAME | |
| Personal name | Muhammad Abdus Salam |
| 942 ## - ADDED ENTRY ELEMENTS (KOHA) | |
| Koha item type | Books |
| Withdrawn status | Lost status | Damaged status | Not for loan | Home library | Current library | Date acquired | Total Checkouts | Full call number | Barcode | Date last seen | Date checked out | Price effective from | Koha item type |
|---|---|---|---|---|---|---|---|---|---|---|---|---|---|
| UMT Main Campus | UMT Main Campus | 2014-03-18 | 1 | 509.17671 MUH-R | 30635 | 2021-12-20 | 2021-12-06 | 2014-03-18 | Books |
